| 000 | 01017nam a22002777a 4500 | ||
|---|---|---|---|
| 001 | BRCA_9409 | ||
| 003 | FranzMayer | ||
| 005 | 20230918125631.0 | ||
| 008 | 230904b |||||||| |||| 00| 0 eng d | ||
| 020 | _a9686254471 | ||
| 040 |
_aMFM _bESPAÑOL _cMFM |
||
| 050 | 0 |
_aNK4340.T3 _bS43 2000 |
|
| 110 | 1 |
_4Responsable _aSecretaria de Cultura de Puebla _929593 |
|
| 240 |
_aTalavera Contemporánea _lEspañol |
||
| 245 | 0 | _aTalavera Contemporánea | |
| 260 |
_aPuebla, México _bSecretaria de Cultura de Puebla _c2000 |
||
| 300 |
_a139 p _bIlustraciones a color _c34 cm |
||
| 500 | _aAnexo 1 | ||
| 500 | _aEl material se esta deshojando | ||
| 505 | _aTexto en: españolIncluye índice temáticoIncluye bibliografíaDirigido a: artistas y artesanos mexicanos | ||
| 650 | 1 |
_2Alarca _aExposiciones colectivas _vTalavera _929594 |
|
| 700 | 1 |
_4Texto _aPalou, Pedro Ángel _929595 |
|
| 700 | 1 |
_4Texto _aCárdenas Sanchez, Enrique _929596 |
|
| 700 | 1 |
_4Texto _aRojas Alarcón, Armando _929597 |
|
| 942 |
_2lcc _cH |
||
| 999 |
_c11031 _d11031 |
||